|
|
|
|
| LEADER |
00000cam a2200000 a 4500 |
| 001 |
vtls001443788 |
| 003 |
SK-MaSNL |
| 005 |
20260301121219.0 |
| 008 |
220509s2001 xo oal drnp 00000 slo |
| 015 |
|
|
|a SNBA2004/02-00991
|
| 020 |
|
|
|a 8080630879
|
| 035 |
|
|
|a SNK000399013
|
| 035 |
|
|
|a urn:nbn:sk:snk-am3j0bg
|
| 035 |
|
|
|a 65D483A4-E206-4582-BDBF-89E4A3DE3B71
|
| 035 |
|
|
|a urn:nbn:sk:snk-am00glno
|
| 040 |
|
|
|a SNK
|b slo
|c SNK
|e AACR2
|
| 041 |
0 |
|
|a slo
|
| 044 |
|
|
|a xo
|c SK
|
| 072 |
|
7 |
|a 616
|x Patológia. Klinická medicína
|2 konspekt
|
| 080 |
|
|
|a 616-083
|2 2011
|
| 080 |
|
|
|a (075.3)
|2 2011
|
| 100 |
1 |
|
|a Krišková, Anna
|4 aut
|9 332027
|
| 245 |
1 |
0 |
|a Ošetrovateľské techniky
|c Anna Krišková a kolektív
|
| 250 |
|
|
|a [1. vydanie]
|
| 260 |
|
|
|a Martin
|b Osveta
|c c2001
|
| 300 |
|
|
|a 804 strán
|b fotografie, ilustrácie, tabuľky
|c 21 cm
|
| 490 |
1 |
|
|a Edícia učebníc pre stredné zdravotnícke školy
|
| 504 |
|
|
|a Bibliografia na strane 803-804
|
| 650 |
0 |
7 |
|a ošetrovateľstvo
|2 SNKPH
|9 2557
|
| 655 |
|
7 |
|a učebnice stredných škôl
|2 SNKPH
|9 69323
|
| 830 |
|
0 |
|a Edícia učebníc pre stredné zdravotnícke školy
|9 284471
|
| 919 |
|
|
|a 80-8063-087-9
|
| 958 |
|
|
|a NB
|
| 958 |
|
|
|a MI
|
| 958 |
|
|
|a OND
|
| 999 |
|
|
|c 728593
|d 730523
|
| 952 |
|
|
|t P60, <03>, [BOOK], {603}
|a SNK
|b SNK
|y PREZ
|7 0
|p 17A0363385
|o snkSC 109804
|i snkKSP 13725/2002
|0 0
|1 0
|4 0
|d 2002-11-12
|f 1
|l 0
|r 2025-09-30 00:00:00
|w 2026-02-23
|
| 952 |
|
|
|t P60, <04>, [BOOK], {604}
|a SNK
|b SNK
|y VYP
|7 0
|p 17A0363386
|o snkSC 109804 D1
|i snkKSP 13726/2002
|0 0
|1 0
|4 0
|d 2002-11-12
|l 0
|r 2005-01-02 00:00:00
|w 2026-02-23
|
| 952 |
|
|
|t snkKRI 616-083
|a SNKUST
|b SNKUST
|y PREZ
|7 0
|p 17A0356298
|o snkSC 109804 D2
|i snkK 1610/2002
|8 3
|0 0
|1 0
|4 0
|d 2002-11-27
|l 0
|r 2025-05-28 00:00:00
|w 2026-02-23
|